=LDR 00000nam 2200000 4500 =001 INLIS000000000016859 =005 20130612112105 =008 ***********************************Ind** =035 ##$$0010-061300000016859 =041 ##$$a Ind =082 ##$$a 621.780 2 =090 ##$$a 680.780 2, Set a =100 ##$$a Setyadi, D =245 ##$$a Aneka percobaan suara, Penulis, Ir. A. Setyadi =260 ##$$a 2001 $b Bandung =300 ##$$a iii, 41 hlm, ilus, 28 cm =650 ##$$a Suara-Aneka Percobaan =850 ##$$a NBPNMAT